| 000 | 04123nam a2200325 i 4500 | ||
|---|---|---|---|
| 001 | 000046285 | ||
| 003 | DO-SdBNP | ||
| 005 | 20250805102857.0 | ||
| 007 | ta | ||
| 008 | 110303s2022 dr 000 0 spa d | ||
| 020 | _a9789945250534 | ||
| 040 |
_aDO-SdBNP _bspa _cBNPHU _erda |
||
| 041 | _aspa | ||
| 082 | 4 |
_aRD860.9 _bF363c _222 |
|
| 100 | 1 |
_aFernández Spencer, Antonio, _d1922-1995 _eautor _4aut. _922525 |
|
| 245 | 1 | 0 |
_aCaminos de la crítica _cAntonio Fernandez Spencer ; compilado por, Cándido Gerón |
| 264 | 4 |
_aSanto Domingo : _bArchivo General de la Nación, _c©2022. |
|
| 300 |
_a496 paginas ; _c24 cm. |
||
| 336 |
_atexto _btxt _2rdacontent |
||
| 337 |
_asin mediación _bn _2rdamedia |
||
| 338 |
_avolumen _bnc _2rdacarrier |
||
| 490 |
_aArchivo General de la Nación _v467 |
||
| 505 | _aFunción de la crítica literaria, 11.-- Pedro Henríquez Ureña, humanista de América, 19.-- Pedro Henríquez Ureña y la verticalidad de la cultura, 75.-- I, 75.-- II, 77.-- III, 78.-- IV, 79.-- V, 79.-- VI, 80.-- VII, 81.-- VII, 82.-- IX, 83.-- X, 84.-- XI, 85.-- XII, 86.-- XIII, 87.-- XIV, 92.-- XVI, 93.-- XVII, 95.--XVIII, 97.-- XIX, 98.-- XX, 99.-- XXI, 100.-- XXII, 101.-- XXIII, 103.-- XXIV, 104.-- XXV, 105.-- XXVI, 106.-- XXVII, 106.-- XXVIII, 107.-- XXIX, 108.-- XXX, 110.-- Enseñanza de Pedro Henríquez Ureña, 113.-- De la naturaleza y del mundo en el cántico de Jorge Guillén, 119.-- Nuestra visión de la semiología, 129.-- La ciencia de la literatura, 137.-- Biografía del autor, 138.-- El poeta y su momento histórico, 140.-- Sus confidencias y filiaciones, 141.-- Tendencia historiográfica a alcanzar las generaciones, 143.-- Los temas de Jorge Guillén según Emilia de Zuleta, 145.-- La naturaleza, 151.-- La estructura circular y lo simétrico en Jorge Guillén, 159.-- Conclusión, 165.-- Lectura de la nueva crítica, 171.-- I, 171.-- II, 183.-- III, 196.-- IV, 206.-- V, 218.-- VI, 229.-- Esa ciencia literaria, 243.-- I, 243.-- II, 245.-- III, 246.-- IV, 247.-- V, 248.-- VI, 250.-- VII, 252.-- VIII, 254.-- IX, 257.-- X, 259.-- XI, 260.-- XII, 61.-- XIII, 264.-- XIV, 266.-- XV, 267.-- XVI, 269.-- XVII, 270.-- XVIII, 271.-- Balance de la crítica literaria nacional, 273.-- Duplicado de la realidad, 281.-- El erotismo original de Tomás Castro, 287.-- I, 287.-- II, 295.-- III, 298.-- IV, 306.-- V, 310.-- VI, 314.-- In-visión de la crítica a los apuntes de Joaquín Balaguer, 321.-- I. Una lectura deformante, 321.-- II. Fenomenología del error, 323.-- III. Un extraño concepto de género, 327.-- IV. La palabra gens y el género, 328.-- V. Metro y ritmo, 329.-- VI. La realidad del ritmo, 331.-- VII. Política y poética, 332.-- VIII. El saber de la métrica, 334.-- IX. El sentido libre de la crítica de Balaguer, 335.-- X. Visión personal en el estudio de la métrica, 337.-- XI. Existen dos clases de pies en la verificación hispana, 339.-- XII. Balaguer, gran estudioso de la estructura del verso, 342.-- XIII. El verso de arte mayor plantea un conflicto al isosilabismo, 344.-- XIV. Balaguer y Bello, 345.-- XV. No existen el el verso cláusulas iguales, 346.-- XVI. La métrica perfecta del verso de arte mayor y la <<sonatina>> de Rubén Darío, 348.-- La visión familiar en la poesía de Joaquín Balaguer, 351.-- Balaguer y su visión de la poesía, 352.-- Hacia la poesía de Joaquín Balaguer, 365.-- De su lenguaje poético, 367.-- La recuperación por la memoria, 369.-- Ladera materna, 373.-- Final, 377.-- Balaguer el sembrador, 379.-- Vida y teoría de Pablo Neruda, 387.-- Viaje a la poesía de Manuel Rueda, 397.-- Borges, el inquisidor, 423.-- Presencia de Martí, 433.-- I, 433.-- II, 439.-- Juan Ruiz de Alarcón y Mendoza, 449.-- Manuel Valerio, 453.-- Cuarto centenario de la vida de Quevedo, 457.-- Sentido actual de las humanidades, 465.-- 1, 465.-- 2, 471.-- 3, 476.-- Índice onomástico, 483. | ||
| 590 | _ainventariado, 2023 / DG | ||
| 650 | 4 |
_aLiteratura dominicana _xHistoria y crítica _961716 |
|
| 650 | 4 |
_aCrítica literaria _93141 |
|
| 700 | 1 |
_aGerón, Cándido, _eCompilador _4comp. _982130 |
|
| 910 | _aDG | ||
| 942 |
_2ddc _cLBS1 |
||
| 999 |
_c53507 _d53507 |
||